000 00468cam a2200193ua 4500
001 3807
005 20260515113731.0
008 111205n ii |||gr||||Z||||||asm
040 _cMAIN
082 _a891.4514
100 _aBarua, Hem,
245 1 1 _aAssamese literature
_cby Hem Barua
250 _a1st.
260 _aNew Delhi:
_bNational book trust,965.
300 _a282p:
_c23cm.
653 _aAssamese literature
653 _aAssamese literature
942 _cBK
999 _c3629
_d3629